000 00622cam a22002293a 4500
001 27963
003 PGUSA
005 20140828083614.0
008 090202s2009||||xxu|||||s|||||000 | eng d
040 _aPGUSA
_beng
042 _adc
050 4 _aLA
100 1 _aSeeley, Levi,
_d1847-1928
245 1 0 _aHistory of Education
_h[electronic resource] /
_cLevi Seeley
260 _bProject Gutenberg,
_c2009
506 _aPublic domain in the USA.
516 _aElectronic text
653 _aEducation -- History
830 0 _aProject Gutenberg
_v27963
856 4 0 _uhttp://www.gutenberg.org/ebooks/27963
942 _cEB
999 _c257218
_d257218